000 00404nam a2200157Ia 4500
008 230711s9999||||xx |||||||||||||| ||und||
041 _aENG
082 _a669
_bRA-P
100 _aRaghvan V
245 0 _aPhysical metallurgy : principles and practice
250 _a2nd Ed.
260 _c2006
_aNew Delhi
_bPHI Learning Private Limited
300 _a232
650 _aMechanical Engineering
942 _cBK
999 _c4630
_d4630